[Event "DRAGOMANOV FIT 2025-MASTERS"]
[Site "Kyiv"]
[Date "2025.10.04"]
[Round "9.5"]
[White "Mikhalsky, Vladimir"]
[Black "Khristovoy, Roman"]
[Result "1/2-1/2"]
[WhiteElo "2219"]
[BlackElo "2111"]
[Annotator "Prokhorov,Oleksandr"]
[PlyCount "62"]
[EventDate "2025.09.30"]
[EventType "swiss"]
[EventRounds "10"]
[EventCountry "UKR"]
[EventCategory "1"]

1. d4 Nf6 2. Nc3 d5 3. Bf4 c5 4. e4 Nxe4 5. Nxe4 dxe4 6. dxc5 Qa5+ 7. c3 Qxc5
8. Qa4+ Nc6 9. Qxe4 g6 10. Be3 Qa5 11. Nf3 Bg7 12. Bc4 Bf5 13. Qh4 Ne5 14. Nxe5
Qxe5 15. O-O O-O 16. Bd4 Qc7 17. Bxg7 Kxg7 18. Rfe1 e5 19. Bd5 Rad8 20. c4 Rfe8
21. Rad1 Be6 22. Bxe6 Rxd1 23. Rxd1 Rxe6 24. Qe4 Qc6 25. Rd5 Qa4 26. h3 Qxa2
27. Rb5 Re7 28. Rxe5 Rc7 29. Rb5 Qxc4 30. Qxc4 Rxc4 31. Rxb7 Rc2 $11 1/2-1/2

[Event "DRAGOMANOV FIT 2025-MASTERS"]
[Site "Kyiv"]
[Date "2025.10.04"]
[Round "9.6"]
[White "Diak, Hryhorii"]
[Black "Shkuta, Igor"]
[Result "1-0"]
[WhiteElo "1956"]
[BlackElo "1884"]
[Annotator "Prokhorov,Oleksandr"]
[PlyCount "65"]
[EventDate "2025.09.30"]
[EventType "swiss"]
[EventRounds "10"]
[EventCountry "UKR"]
[EventCategory "1"]

1. d4 d5 2. c4 c6 3. e3 Nf6 4. Nc3 e6 5. Nf3 Nbd7 6. Bd3 dxc4 7. Bxc4 b5 8. Bd3
b4 9. Ne4 Bb7 10. O-O Qa5 11. Bd2 Qb6 12. a3 a5 13. axb4 axb4 14. Rxa8+ Bxa8
15. Qa4 Bb7 16. Ra1 Be7 17. Nxf6+ gxf6 18. Qc2 f5 19. e4 fxe4 20. Bxe4 Nf6 21.
Bd3 h5 22. Bf4 h4 23. h3 Kf8 24. Be5 Rh6 25. Qd2 Rh5 26. Qf4 Nd5 27. Qg4 Rxe5
28. Nxe5 Qc7 29. Ra7 Bf6 30. Ba6 Bxe5 31. dxe5 Qxe5 32. Rxb7 Qe1+ 33. Bf1 1-0

[Event "DRAGOMANOV FIT 2025-MASTERS"]
[Site "Kyiv"]
[Date "2025.10.04"]
[Round "9.7"]
[White "Alexikov, Alexander"]
[Black "Herasymenko, Maksym"]
[Result "1/2-1/2"]
[WhiteElo "2176"]
[BlackElo "1990"]
[Annotator "Prokhorov,Oleksandr"]
[PlyCount "127"]
[EventDate "2025.09.30"]
[EventType "swiss"]
[EventRounds "10"]
[EventCountry "UKR"]
[EventCategory "1"]

1. e4 c6 2. d3 d5 3. Nd2 e5 4. Ngf3 Bd6 5. g3 Nf6 6. Bg2 O-O 7. O-O Re8 8. Re1
Nbd7 9. a3 a5 10. b3 h6 11. Bb2 Qc7 12. c3 b6 13. Qc2 Ba6 14. Rad1 Rad8 15. Bf1
Bb7 16. Bc1 Nf8 17. Nh4 Bc8 18. Ndf3 dxe4 19. dxe4 Ng6 20. Nf5 Bxf5 21. exf5
Nf8 22. Nd2 b5 23. b4 Rb8 24. c4 axb4 25. c5 Be7 26. axb4 Nd5 27. Qb3 Nd7 28.
Bg2 N7f6 29. Bb2 Bf8 30. Ne4 Nxe4 31. Rxe4 Nf6 32. Re2 Rbc8 33. h3 Nd7 34. Rde1
Red8 35. h4 Qa7 36. Bxe5 Nxe5 37. Rxe5 Rd2 38. R5e2 Rxe2 39. Rxe2 Be7 40. Kh2
Bf6 41. Qf3 Qd7 42. Qf4 Rd8 43. Kh3 Qc8 44. Qf3 Rd4 45. Re4 Rxe4 46. Qxe4 Bc3
47. Bf3 Qd7 48. Kg2 Kf8 49. Qf4 Kg8 50. g4 Qd2 51. Qe4 Bd4 52. Be2 Qxb4 53.
Qxc6 Bxc5 54. Qe8+ Bf8 55. Qxb5 Qxb5 56. Bxb5 Ba3 57. Kg3 Kf8 58. f4 f6 59. g5
fxg5 60. fxg5 hxg5 61. hxg5 Bc1 62. Kg4 Bd2 63. Kh5 Bc1 64. Kg6 1/2-1/2

[Event "DRAGOMANOV FIT 2025-MASTERS"]
[Site "Kyiv"]
[Date "2025.10.04"]
[Round "9.9"]
[White "Mikhaletz, Lubomir"]
[Black "Rodin, Alexey"]
[Result "1/2-1/2"]
[WhiteElo "2256"]
[BlackElo "1830"]
[Annotator "Prokhorov,Oleksandr"]
[PlyCount "177"]
[EventDate "2025.09.30"]
[EventType "swiss"]
[EventRounds "10"]
[EventCountry "UKR"]
[EventCategory "1"]

1. d4 Nf6 2. Bg5 d5 3. e3 c5 4. Nf3 Nc6 5. c3 Ne4 6. h4 h6 7. Bf4 Bf5 8. Nbd2
e6 9. Nxe4 Bxe4 10. Bd3 Bxd3 11. Qxd3 a6 12. dxc5 Bxc5 13. O-O-O Qe7 14. Ne5
Nxe5 15. Bxe5 f6 16. Bd4 O-O-O 17. h5 Kb8 18. Bxc5 Qxc5 19. Rh4 Rc8 20. Rd4 f5
21. f4 Rhf8 22. g4 Rc7 23. Qe2 Qe7 24. gxf5 Rxf5 25. e4 Rxf4 26. exd5 Rxd4 27.
Rxd4 exd5 28. Qxe7 Rxe7 29. Rxd5 Kc7 30. Kc2 Re2+ 31. Kb3 Rg2 32. a4 Rg4 33. a5
Rg2 34. Rf5 g6 35. Rf7+ Kb8 36. Rg7 g5 37. Rg6 g4 38. Rxh6 Rh2 39. Ka3 g3 40.
b4 g2 41. Rg6 Rxh5 42. Rxg2 Rh3 43. Kb3 Kc7 44. Rg7+ Kc6 45. Rg5 Rf3 46. Rc5+
Kd6 47. Rc4 Rf2 48. Rg4 Rf3 49. Kc4 Rh3 50. Kd4 Rh5 51. c4 Kc6 52. Rg6+ Kc7 53.
Re6 Rh4+ 54. Kd5 Rh5+ 55. Re5 Rh1 56. Re7+ Kb8 57. Re8+ Kc7 58. Re5 Rh2 59. Rg5
Rh1 60. Rg7+ Kb8 61. Re7 Rh5+ 62. Re5 Rh1 63. Kd6 Rh4 64. Re8+ Ka7 65. b5 axb5
66. cxb5 Rh6+ 67. Kd7 Rh7+ 68. Kd6 Rh6+ 69. Kd5 Rh5+ 70. Re5 Rh7 71. Re4 Rh5+
72. Kc4 Rh7 73. Rd4 Rg7 74. Kc5 Rg5+ 75. Rd5 Rg7 76. Kd6 Rh7 77. Re5 Rh6+ 78.
Kc5 Rh7 79. Re8 Rh5+ 80. Kc4 Rh4+ 81. Kd5 Rh5+ 82. Re5 Rh7 83. Kd6 Rh6+ 84. Kd7
Rh7+ 85. Re7 Rh5 86. a6 Rxb5 87. axb7 Rxb7+ 88. Ke6 Rxe7+ 89. Kxe7 1/2-1/2

[Event "DRAGOMANOV FIT 2025-MASTERS"]
[Site "Kyiv"]
[Date "2025.10.04"]
[Round "9.10"]
[White "Romanov, Vladimir"]
[Black "Khristovoy, Dmitriy"]
[Result "0-1"]
[WhiteElo "1925"]
[BlackElo "2163"]
[Annotator "Prokhorov,Oleksandr"]
[PlyCount "120"]
[EventDate "2025.09.30"]
[EventType "swiss"]
[EventRounds "10"]
[EventCountry "UKR"]
[EventCategory "1"]

1. e4 c5 2. Nc3 Nc6 3. f4 g6 4. Nf3 Bg7 5. Bc4 e6 6. a3 Nge7 7. Ba2 d5 8. e5
Nf5 9. d3 h5 10. O-O h4 11. h3 Bf8 12. Re1 Be7 13. Kh2 b6 14. Ne2 d4 15. Neg1
Bb7 16. Qe2 Qc7 17. Qf2 Kf8 18. Ng5 Bxg5 19. fxg5 Nce7 20. Nf3 Bxf3 21. Qxf3
Kg7 22. Bf4 Rhd8 23. Kg1 Nd5 24. Bxd5 Rxd5 25. b3 Rc8 26. a4 a6 27. Ra2 Rd7 28.
Rf1 Qb7 29. Kf2 Rdc7 30. Rb1 Rc6 31. Qe4 Qd7 32. Kg1 b5 33. axb5 axb5 34. Ra5
R6c7 35. Bd2 c4 36. bxc4 bxc4 37. dxc4 Rxc4 38. Rb7 R4c7 39. Raa7 Rxb7 40. Rxb7
Qc6 41. Qxc6 Rxc6 42. Rb2 Rc5 43. Bf4 Ne3 44. Bxe3 dxe3 45. Kf1 Rxe5 46. c4
Rxg5 47. Rc2 Kf6 48. c5 Ke7 49. c6 Kd8 50. Rc4 Kc7 51. Rxh4 Kxc6 52. g4 Kd5 53.
Rh7 f5 54. Ke2 fxg4 55. hxg4 Rxg4 56. Kxe3 Ke5 57. Ra7 Rg3+ 58. Kf2 Rb3 59.
Ra5+ Kf4 60. Ra4+ Kf5 0-1

[Event "DRAGOMANOV FIT 2025-MASTERS"]
[Site "Kyiv"]
[Date "2025.10.05"]
[Round "10.1"]
[White "Vashchenko, Illia"]
[Black "Kislinsky, Alexey"]
[Result "1-0"]
[WhiteElo "1808"]
[BlackElo "2341"]
[Annotator "Prokhorov,Oleksandr"]
[PlyCount "47"]
[EventDate "2025.09.30"]
[EventType "swiss"]
[EventRounds "10"]
[EventCountry "UKR"]
[EventCategory "1"]

1. e4 c5 2. Nf3 Nc6 3. Bb5 Nf6 4. Nc3 g6 5. e5 Ng4 6. Bxc6 dxc6 7. h3 Nh6 8. g4
Bg7 9. d3 O-O 10. Bf4 f6 11. Qe2 Nxg4 12. hxg4 Bxg4 13. e6 g5 14. Rg1 h5 15.
Bg3 Qc8 16. O-O-O Bxe6 17. Nxg5 fxg5 18. Qxh5 Bg4 19. Qxg5 Qf5 20. Qxf5 Bxf5
21. Be5 Rf6 22. Bxf6 exf6 23. Ne4 Kf8 24. Nd6 1-0

[Event "DRAGOMANOV FIT 2025-MASTERS"]
[Site "Kyiv"]
[Date "2025.10.05"]
[Round "10.2"]
[White "Zhukovskyi, Myhaylo"]
[Black "Podolskyi, Mykhailo"]
[Result "0-1"]
[WhiteElo "2156"]
[BlackElo "2259"]
[Annotator "Prokhorov,Oleksandr"]
[PlyCount "178"]
[EventDate "2025.09.30"]
[EventType "swiss"]
[EventRounds "10"]
[EventCountry "UKR"]
[EventCategory "1"]

1. Nf3 Nf6 2. g3 d5 3. Bg2 c6 4. O-O Bg4 5. h3 Bxf3 6. Bxf3 Nbd7 7. d3 e5 8. e4
dxe4 9. dxe4 Bc5 10. Qe2 O-O 11. Nd2 Qe7 12. a4 a5 13. Nc4 Qe6 14. Bg2 Nb6 15.
Nxb6 Bxb6 16. Rd1 h6 17. Be3 Bxe3 18. Qxe3 Qe7 19. Qa3 Qc7 20. Rd3 Rfd8 21.
Rad1 Rxd3 22. Qxd3 Re8 23. Qc3 Nd7 24. Rd3 b6 25. b3 Nc5 26. Rd2 Ne6 27. Qc4
Rd8 28. Rxd8+ Nxd8 29. Qd3 Ne6 30. c3 Nc5 31. Qc4 Qd6 32. Bf3 Qe6 33. Qxe6 fxe6
34. Bd1 Nxe4 35. c4 Nd6 36. Kf1 Kf7 37. Ke2 Ke7 38. Ke3 Nb7 39. Bc2 Kd6 40. Kd3
Nc5+ 41. Kc3 Nd7 42. Be4 Nf6 43. Bc2 Kc5 44. Bd3 e4 45. Bc2 e5 46. Bb1 g5 47.
Bc2 g4 48. h4 e3 49. fxe3 Nh5 50. Bd1 Nxg3 51. Bxg4 Ne4+ 52. Kb2 $11 Kb4 53.
Bf5 Nd2 54. Bc2 Nf1 55. e4 Ne3 56. h5 Kc5 57. Bd3 Kd4 58. Bb1 Nf1 59. Ka3 c5
60. Kb2 Ng3 61. Bc2 Nxh5 62. Bd1 Ng3 63. Bg4 h5 64. Bf5 h4 65. Kc2 Nxe4 66. Kd1
h3 67. Bxh3 Nf2+ 68. Kc2 Nxh3 69. Kd2 Nf4 70. Kc2 e4 71. Kd2 e3+ 72. Kc2 Ng2
73. b4 cxb4 74. c5 bxc5 75. Kb3 e2 76. Kc2 e1=N+ 77. Kb3 c4+ 78. Kb2 Ne3 79.
Ka2 Kc3 80. Kb1 Nd3 81. Ka2 Kc2 82. Ka1 Kb3 83. Kb1 Kxa4 84. Ka2 b3+ 85. Kb1 c3
86. Ka1 Kb4 87. Kb1 a4 88. Ka1 a3 89. Kb1 c2+ 0-1

[Event "DRAGOMANOV FIT 2025-MASTERS"]
[Site "Kyiv"]
[Date "2025.10.05"]
[Round "10.3"]
[White "Anatskiy, Alexey"]
[Black "Shton, Roman"]
[Result "1/2-1/2"]
[WhiteElo "1846"]
[BlackElo "2081"]
[Annotator "Prokhorov,Oleksandr"]
[PlyCount "70"]
[EventDate "2025.09.30"]
[EventType "swiss"]
[EventRounds "10"]
[EventCountry "UKR"]
[EventCategory "1"]

1. d4 Nf6 2. Bg5 e6 3. e4 h6 4. Bxf6 Qxf6 5. e5 Qd8 6. Nf3 d5 7. exd6 cxd6 8.
c3 Qb6 9. Qb3 Nd7 10. Bd3 Be7 11. O-O O-O 12. Re1 Re8 13. Nbd2 Qc7 14. Re2 Nf6
15. Ne4 Nd5 16. g3 a6 17. c4 Nf6 18. Rc1 Nxe4 19. Bxe4 d5 20. Bb1 dxc4 21. Qc2
f5 22. Qxc4 Qxc4 23. Rxc4 b5 24. Rc1 Bb7 25. Ne5 Rac8 26. Rxc8 Rxc8 27. Bc2 Bf6
28. f4 Bd5 29. Bb3 Rc1+ 30. Kf2 Bxb3 31. axb3 g5 32. Ke3 Kf8 33. Nd3 Rf1 34.
Rc2 g4 35. Ne5 Re1+ $11 1/2-1/2

[Event "DRAGOMANOV FIT 2025-MASTERS"]
[Site "Kyiv"]
[Date "2025.10.05"]
[Round "10.4"]
[White "Khristovoy, Roman"]
[Black "Gromosiak, Antonii"]
[Result "1-0"]
[WhiteElo "2111"]
[BlackElo "1894"]
[Annotator "Prokhorov,Oleksandr"]
[PlyCount "159"]
[EventDate "2025.09.30"]
[EventType "swiss"]
[EventRounds "10"]
[EventCountry "UKR"]
[EventCategory "1"]

1. c4 e5 2. Nc3 Nc6 3. g3 g6 4. Bg2 Bg7 5. Nf3 Nge7 6. O-O d6 7. d3 O-O 8. Rb1
f5 9. Bd2 h6 10. b4 Nd4 11. Nxd4 exd4 12. Nd5 g5 13. Nxe7+ Qxe7 14. f4 g4 15.
Re1 Re8 16. b5 a6 17. a4 axb5 18. cxb5 Qf7 19. a5 d5 20. Qb3 Be6 21. Rec1 Qd7
22. Be1 Bf7 23. Rc2 h5 24. Ra2 Reb8 25. Qc2 Kh7 26. Bf2 Qd6 27. Rc1 Rc8 28. Qb2
Qd7 29. Rb1 c5 30. bxc6 bxc6 31. Qb7 Qe8 32. Qb2 Rcb8 33. Qa1 Ra6 34. Bf1 c5
35. Bg2 Rb5 36. Rxb5 Qxb5 37. Be1 c4 38. Rb2 Qc5 39. Rb7 Be6 40. Qa4 c3 41. Qe8
Bc8 42. Rb6 Rxb6 43. axb6 Kh6 44. Qd8 c2 45. Qg5+ Kh7 46. Qxh5+ Kg8 47. Qe8+
Kh7 48. Qh5+ Kg8 49. Bxd5+ Qxd5 50. Qe8+ Bf8 51. Qxc8 Qc5 52. Qxc5 Bxc5 53. b7
c1=Q 54. b8=Q+ Bf8 55. Qb3+ Kh8 56. Kf2 Qe3+ 57. Kf1 Qc1 58. Qd5 Qc8 59. Bf2
Bg7 60. Bxd4 Bxd4 61. Qxd4+ Kh7 62. Qd5 Kg7 63. Kg2 Kh8 64. h3 gxh3+ 65. Kxh3
Kg7 66. Kg2 Kh8 67. Qe5+ Kg8 68. d4 Qd7 69. d5 Qb5 70. d6 Qb7+ 71. e4 Qb1 72.
d7 Qc2+ 73. Kh3 Qd1 74. Qe8+ Kg7 75. Qe7+ Kh6 76. Qg5+ Kh7 77. Qxf5+ Kh6 78.
Qf6+ Kh7 79. Qh4+ Kg7 80. Qg4+ 1-0

[Event "DRAGOMANOV FIT 2025-MASTERS"]
[Site "Kyiv"]
[Date "2025.10.05"]
[Round "10.5"]
[White "Shkuta, Igor"]
[Black "Mikhalsky, Vladimir"]
[Result "0-1"]
[WhiteElo "1884"]
[BlackElo "2219"]
[Annotator "Prokhorov,Oleksandr"]
[PlyCount "50"]
[EventDate "2025.09.30"]
[EventType "swiss"]
[EventRounds "10"]
[EventCountry "UKR"]
[EventCategory "1"]

1. d4 Nf6 2. c4 g6 3. Nc3 Bg7 4. e4 d6 5. f3 O-O 6. Be3 Nc6 7. Qd2 Re8 8. Nge2
a6 9. g4 Rb8 10. Bh6 Bh8 11. h4 e5 12. d5 Nd4 13. Bg2 c5 14. dxc6 bxc6 15. Nxd4
exd4 16. Ne2 d5 17. cxd5 cxd5 18. e5 d3 19. Qxd3 Rxb2 20. Bc1 Rxe2+ 21. Qxe2
Nxg4 22. Bg5 Qb6 23. Kf1 Rxe5 24. Qc2 Bf5 25. Rb1 Bd3+ 0-1

[Event "DRAGOMANOV FIT 2025-MASTERS"]
[Site "Kyiv"]
[Date "2025.10.05"]
[Round "10.6"]
[White "Herasymenko, Maksym"]
[Black "Diak, Hryhorii"]
[Result "1-0"]
[WhiteElo "1990"]
[BlackElo "1956"]
[Annotator "Prokhorov,Oleksandr"]
[PlyCount "127"]
[EventDate "2025.09.30"]
[EventType "swiss"]
[EventRounds "10"]
[EventCountry "UKR"]
[EventCategory "1"]

1. d4 Nf6 2. c4 e6 3. Nf3 Bb4+ 4. Bd2 Bxd2+ 5. Qxd2 b6 6. Nc3 Bb7 7. d5 d6 8.
dxe6 fxe6 9. g3 Nbd7 10. Bg2 O-O 11. O-O Qe7 12. Qc2 a5 13. Rad1 Nc5 14. b3
Nfe4 15. Nxe4 Bxe4 16. Qc3 Rf7 17. Qe3 Bxf3 18. exf3 Raf8 19. f4 Rf6 20. h4 Qf7
21. Rd2 Re8 22. Re1 Qf8 23. Rde2 Kh8 24. Qc3 Re7 25. a3 Qf7 26. b4 axb4 27.
axb4 Nd7 28. Bh3 Nf8 29. c5 bxc5 30. bxc5 e5 31. fxe5 dxe5 32. Qb2 Rf3 33. Rxe5
Rxe5 34. Rxe5 Qf6 35. Qe2 h6 36. Bg4 Rc3 37. Rf5 Qd8 38. Qe5 Rc1+ 39. Kg2 Ng6
40. Qe6 Ne7 41. Re5 Qd4 42. Re4 Qa1 43. Qxe7 Rg1+ 44. Kf3 Qd1+ 45. Kf4 Qd2+ 46.
Kf5 Kh7 47. Qf7 Qxf2+ 48. Ke6 Qa2+ 49. Ke7 Qa8 50. Bf5+ Kh8 51. Qe8+ Qxe8+ 52.
Kxe8 Rxg3 53. Kd7 g6 54. Be6 g5 55. h5 Kg7 56. c6 Kf6 57. Bg4 Rg1 58. Kxc7 Rb1
59. Re6+ Kg7 60. Rg6+ Kh7 61. Rd6 Rb4 62. Bf5+ Kg7 63. Kd7 Rf4 64. c7 1-0

[Event "DRAGOMANOV FIT 2025-MASTERS"]
[Site "Kyiv"]
[Date "2025.10.05"]
[Round "10.8"]
[White "Rodin, Alexey"]
[Black "Nikolaev, Leonid"]
[Result "0-1"]
[WhiteElo "1830"]
[BlackElo "2206"]
[Annotator "Prokhorov,Oleksandr"]
[PlyCount "94"]
[EventDate "2025.09.30"]
[EventType "swiss"]
[EventRounds "10"]
[EventCountry "UKR"]
[EventCategory "1"]

1. e4 c5 2. Nf3 a6 3. c4 Nc6 4. Nc3 d6 5. h3 e5 6. d3 g6 7. Be2 Bg7 8. O-O Nge7
9. a3 O-O 10. Rb1 Rb8 11. b4 cxb4 12. axb4 b5 13. cxb5 axb5 14. d4 Nxd4 15.
Nxd4 exd4 16. Nxb5 Nc6 17. Bb2 Qg5 18. f4 Qe7 19. Kh1 Ba6 20. Nxd4 Nxd4 21.
Bxa6 Rxb4 22. Bd3 Rfb8 23. Bc3 Rxb1 24. Bxb1 Ne6 25. Bxg7 Nxg7 26. f5 Nh5 27.
Qf3 Qe5 28. Re1 Ng3+ 29. Kg1 Nxf5 30. Ba2 Rf8 31. Bd5 Ne7 32. Rd1 Kg7 33. Qb3
h5 34. Qc4 Ng8 35. Bb7 Nf6 36. Qc7 Qb2 37. Rxd6 Ne8 38. Qb6 Qc1+ 39. Kf2 Qf4+
40. Kg1 Qxd6 41. Qxd6 Nxd6 42. Bd5 Re8 43. Kf2 Nxe4+ 44. Kf3 f5 45. g4 hxg4+
46. hxg4 Nf6 47. Bc6 Rc8 0-1

[Event "DRAGOMANOV FIT 2025-MASTERS"]
[Site "Kyiv"]
[Date "2025.10.05"]
[Round "10.9"]
[White "Khristovoy, Dmitriy"]
[Black "Mikhaletz, Lubomir"]
[Result "1/2-1/2"]
[WhiteElo "2163"]
[BlackElo "2256"]
[Annotator "Prokhorov,Oleksandr"]
[PlyCount "90"]
[EventDate "2025.09.30"]
[EventType "swiss"]
[EventRounds "10"]
[EventCountry "UKR"]
[EventCategory "1"]

1. e4 Nc6 2. Nf3 d6 3. d4 Nf6 4. Nc3 Bg4 5. Be3 e6 6. h3 Bh5 7. g4 Bg6 8. d5
exd5 9. exd5 Nb4 10. Nd4 c5 11. dxc6 bxc6 12. a3 Nbd5 13. Nxd5 Nxd5 14. Qe2
Nxe3 15. Qxe3+ Kd7 16. O-O-O Qb6 17. Nf5 Bxf5 18. Qxb6 axb6 19. gxf5 Ra5 20.
Bd3 g6 21. fxg6 hxg6 22. Be2 Rh4 23. Rd3 Rf4 24. Rf3 Raf5 25. Rxf4 Rxf4 26. f3
b5 27. Rg1 Bh6 28. Kb1 d5 29. Rg4 Ke6 30. c3 Ke5 31. Kc2 Rxg4 32. hxg4 Kf4 33.
Kd3 c5 34. Bd1 Bg7 35. Ke2 c4 36. Kd2 d4 37. cxd4 Bxd4 38. b3 cxb3 39. Bxb3 f6
40. Bc2 Kxf3 41. Bxg6 Kxg4 42. Be8 Bc5 43. Bxb5 Bxa3 44. Bd7+ f5 45. Bxf5+ Kxf5
1/2-1/2

[Event "DRAGOMANOV FIT 2025-MASTERS"]
[Site "Kyiv"]
[Date "2025.10.05"]
[Round "10.10"]
[White "Zhukovskyi, Oleksandr"]
[Black "Romanov, Vladimir"]
[Result "1-0"]
[WhiteElo "2145"]
[BlackElo "1925"]
[Annotator "Prokhorov,Oleksandr"]
[PlyCount "55"]
[EventDate "2025.09.30"]
[EventType "swiss"]
[EventRounds "10"]
[EventCountry "UKR"]
[EventCategory "1"]

1. e4 e5 2. Nf3 Nc6 3. d4 exd4 4. Bc4 Bc5 5. c3 d6 6. cxd4 Bb6 7. Bb5 Bd7 8.
Nc3 Nf6 9. h3 Ne7 10. Bd3 h6 11. O-O O-O 12. Bf4 Re8 13. Bh2 Bc6 14. Re1 Ng6
15. Bc2 Ba5 16. d5 Bd7 17. Qd3 Ne5 18. Nxe5 dxe5 19. f4 a6 20. fxe5 Nh7 21. Rf1
Re7 22. e6 Be8 23. e5 Nf8 24. exf7+ Rxf7 25. e6 Rf6 26. Be5 Rg6 27. Qf3 Qe7 28.
d6 1-0